Una aproximación al recurrente asunto de las competencias necesarias para la formación docente (Record no. 172701)
[ view plain ]
| 000 -CABECERA | |
|---|---|
| campo de control de longitud fija | 01780nab a2200313 a 4500 |
| 005 - FECHA Y HORA DE LA ÚLTIMA TRANSACCIÓN | |
| campo de control | 20210219162243.0 |
| 008 - ELEMENTOS DE LONGITUD FIJA--INFORMACIÓN GENERAL | |
| campo de control de longitud fija | 991125s1985 mx 000 0 spa u |
| 035 ## - NÚMERO DE CONTROL DEL SISTEMA | |
| Número de control de sistema | UPN01000200600 |
| 049 ## - COLECCIÓN | |
| Colección | ART-E |
| 100 1# - ASIENTO PRINCIPAL--NOMBRE PERSONAL | |
| Nombre de persona | Barboza Peña, Francis Delhi |
| 100 1# - ASIENTO PRINCIPAL--NOMBRE PERSONAL | |
| Filiación | francisdb1@hotmail.com |
| 100 1# - ASIENTO PRINCIPAL--NOMBRE PERSONAL | |
| Nombre de persona | Peña González, Francisca Josefina |
| 100 1# - ASIENTO PRINCIPAL--NOMBRE PERSONAL | |
| Filiación | finapg@cantv.net |
| 222 00 - TÍTULO CLAVE | |
| Título clave | EDUCERE : |
| Información calificativa | REVISTA DE EDUCACION Y PRACTICA PEDAGOGICA |
| 245 00 - MENCIÓN DE TÍTULO | |
| Título | Una aproximación al recurrente asunto de las competencias necesarias para la formación docente |
| 260 ## - PUBLICACIÓN, DISTRIBUCIÓN, ETC. | |
| Lugar de publicación, distribución, etc. | Venezuela |
| 300 ## - DESCRIPCIÓN FÍSICA | |
| Extensión | 211-216 |
| 362 0# - FECHAS DE PUBLICACIÓN Y/O DESIGNACIÓN SECUENCIAL | |
| Fecha de publicación y/o designación secuencial | 2014 Año 18, no. 59, may.-ago. |
| 336 ## - TIPO DE CONTENIDO | |
| Término de tipo de contenido | texto$2rdacontent |
| 337 ## - TIPO DE MEDIO | |
| Nombre/término del tipo de medio | computadora$2rdamedia |
| 338 ## - TIPO DE SOPORTE | |
| Nombre/término del tipo de soporte | recurso en linea$2rdacarrier |
| 520 3# - NOTA DE RESUMEN, ETC. | |
| Sumario, etc. | Se pretende una aproximación al recurrente asunto de las competencias necesarias para la formación académica, científica y práctica del docente, con el fin de que realice su trabajo de aula con eficacia y eficiencia. Permanentemente la labor del educador está sometida a procesos de cambio que se producen por motivos políticos, sociales, científicos y tecnológicos, que deberían llevarlo a reflexionar sobre su labor, para actuar en su clase exigiendo la tradicional memorización de los contenidos o permitir que los estudiantes los revisen, discutan, analicen y aprendan a mantener sus posturas personales sobre los contenidos que se estén tratando y así, convertirlos en los constructores de su propio aprendizaje desde su apreciación personal. |
| 653 0# - TERMINO DE INDIZACION - NO CONTROLADO | |
| Término no controlado | FORMACION DOCENTE |
| 653 0# - TERMINO DE INDIZACION - NO CONTROLADO | |
| Término no controlado | COMPETENCIAS DOCENTES |
| 653 0# - TERMINO DE INDIZACION - NO CONTROLADO | |
| Término no controlado | DESARROLLO PERSONAL |
| 856 4# - LOCALIZACIÓN Y ACCESO ELECTRÓNICOS | |
| Identificador Uniforme del Recurso | <a href="http://saber.ula.ve/bitstream/123456789/38885/1/articulo2.pdf">http://saber.ula.ve/bitstream/123456789/38885/1/articulo2.pdf</a> |
| 905 ## - TIPO DE MATERIAL | |
| Tipo de material | Articulo |
No items available.
